| 000 | 00659cam a2200229 i 4500 | ||
|---|---|---|---|
| 001 | 18716 | ||
| 003 | BD-RjUL | ||
| 005 | 20211209000326.0 | ||
| 008 | 140222s1962 enk 000 0 eng | ||
| 035 | _a(BD-RjUL)18774 | ||
| 040 |
_aDLC _cDLC _dDLC _dBD-RjUL _beng |
||
| 041 | _aeng | ||
| 082 | 0 | 0 |
_a823.912 _219 _bFOB 1962 |
| 100 | 1 |
_aFord, Ford Madox, _d1873-1939. _953857 |
|
| 245 | 1 | 4 |
_aThe Bodley Head Ford Madox Ford / _cFord Madox Ford. _nVolume II |
| 260 |
_aLondon : _bBodley Head, _c1962. |
||
| 300 |
_a592 p. ; _c23 cm. |
||
| 650 | 0 |
_aGreene, Graham, -- 1904-1991. _956877 |
|
| 942 |
_2ddc _cBK |
||
| 999 |
_c18716 _d18716 |
||